NBA Players with most points in History - Statistics

General Stats
  • This quiz has been taken 64 times
  • The average score is 15 of 20
Answer Stats
Total Points Answer % Correct
39,283 Points Kobe Bryant
98%
44,693 Points LeBron James
98%
38,279 Points Michael Jordan
98%
44,149 Points Kareem Abdul-Jabbar
97%
35,026 Points Wilt Chamberlain
97%
41,689 Points Karl Malone
85%
33,846 Points Shaquille O’Neal
85%
30,085 Points Kevin Durant
84%
29,486 Points Moses Malone
84%
31,668 Points Tim Duncan
77%
35,233 Points Dirk Nowitzki
76%
30,701 Points Hakeem Olajuwon
71%
29,649 Points Jerry West
71%
30,203 Points Carmelo Anthony
68%
28,672 Points Kevin Garnett
58%
29,577 Points Paul Pierce
58%
28,620 Points Oscar Robertson
55%
30,171 Points John Havlicek
53%
29,507 Points Elvin Hayes
39%
28,251 Points Reggie Miller
39%
No matching quizzes found
Score Distribution
Percent of People with Each Score
Percentile by Number Answered
Your Score History
You have not taken this quiz